Compilador de FACIL : formulación algorítmica para circuitos lógicos. --
Αποθηκεύτηκε σε:
| Κύριος συγγραφέας: | |
|---|---|
| Μορφή: | Βιβλίο |
| Έκδοση: |
San José, C.R
1996
|
| Θέματα: | |
| Ετικέτες: |
Προσθήκη ετικέτας
Δεν υπάρχουν, Καταχωρήστε ετικέτα πρώτοι!
|
MARC
| LEADER | 00000nam a2200000Ia 4500 | ||
|---|---|---|---|
| 003 | 008061 | ||
| 005 | 20221231144235.0 | ||
| 008 | 140114s1996 cr a m 000 ||s d | ||
| 040 | |c cru CEDI | ||
| 090 | |a TFG 3549 | ||
| 100 | |a Figueroa Mata, Gilberth |9 9715 | ||
| 245 | |a Compilador de FACIL : formulación algorítmica para circuitos lógicos. -- | ||
| 260 | |c 1996 |a San José, C.R | ||
| 300 | |a x, 115 hojas : ilustraciones | ||
| 500 | |a Proyecto de graduación (licenciatura en ingeniería eléctrica)--Universidad de Costa Rica. Facultad de Ingeniería. Escuela de Ingeniería Eléctrica | ||
| 650 | |x COMPILACION (COMPUTADORAS ELECTRONICAS) |x CIRCUITOS LOGICOS |9 9716 | ||
| 942 | |c TFG | ||
| 999 | |c 18934 |d 18934 | ||
